Catálogo - Centro de Recursos para el Aprendizaje y la Investigación

Volver al Sitio - CRAI Biblioteca
Vista normal Vista MARC
  • López Reyes, Oscar

Entrada Nombre personal

Número de registros utilizados en: 2

001 - NÚMERO DE CONTROL

  • campo de control: 199670

003 - IDENTIFICADOR DEL NÚMERO DE CONTROL

  • campo de control: DR-UNIBE

005 - FECHA Y HORA DE LA ÚLTIMA TRANSACCIÓN

  • campo de control: 20251009144416.0

008 - DATOS DE LONGITUD FIJA

  • campo de control de longitud fija: 251009|| aca||aabn | a|a d

040 ## - FUENTE DE LA CATALOGACIÓN

  • Centro catalogador/agencia de origen: DR-UNIBE
  • Centro/agencia transcriptor: DR-UNIBE

100 ## - ENCABEZAMIENTO-NOMBRE DE PERSONA

  • Nombre de persona: López Reyes, Oscar

670 ## - FUENTE DE DATOS ENCONTRADOS

  • Cita de la fuente: Work cat.: (DR-UNIBE)114144: Santana García, Félix Antonio autor 199658, Entre pandemia y guerra :, 2025